000
00255nam a22000977a 4500
008
170218b xxu||||| |||| 00| 0 eng d
100
_a
Lesgor, Raoul
245
_a
France, 20th century specialized
260
_a
Holmes, NY
_b
Raoul Lesgor
_c
1955
650
_a
France
999
_c
2268
_d
2268